000 00988naa a22002777a 4500
001 BR8804421
003 BR-BrBNA
005 20240918180248.0
007 ta
008 230509b bl.||||| |||| 00| 0 por d
040 _aBR-BrBNA
_bpor
_cBiblioteca Nacional de Agricultura
041 _a(Pt)
072 _aL53
_b5212
090 _aL53 BR8804421
100 1 _aTahira, I.K.
111 1 _a5. Simposio Nacional de Reproducao Animal
_cBelo Horizonte, MG (Brazil)
_d18-22 Jul 1983
245 1 _aPuberdade e naturidade sexual de zebuinos e mesticos
260 3 _aCampinas, SP (Brasil):
_c1984.
500 _aAnais do 5. Simposio Nacional de Reproducao Animal Campinas, SP (Brasil): 1984. p. 117-127 (BR8804421-AM)L53
650 _aGADO ZEBU
650 _aMATURIDADE SEXUAL
650 _aOVARIO
773 0 _tAnais do 5. Simposio Nacional de Reproducao Animal
_wL53 BR8804421
_gCampinas, SP (Brasil), 1984. p. 117-127
909 _a202404
_bLucia
_c55
_dLucia Elande
942 _cAM
_2AGRIS
999 _c319525
_d319525